00555nam a2200145Ia 4500008004100000024004400041082001900085100006200104245003200166260002500198600002100223650003800244952011000282999001700392250506s9999 xx 000 0 und d a15B-095-BS, 15B-089-BS & 15B-073-BS a004.347072 MUH aMuhammad Ahmed Jamil, Mohaddis Hassan & Hafiz Abdul Rafay 0aLabor on Demand Version 2.0 aKarachi:bUIT,c2015 aComputer Science aBachelor of Computer Science (BS) 001040708PR-CSaUITUbUITUd2022-07-26l0o004.347072 MUHpBS-604r2025-05-06 11:34:39w2025-05-06yPR c28877d28877